| 000 | 01230nam a22003377a 4500 | ||
|---|---|---|---|
| 003 | CHAP | ||
| 005 | 20220329142248.0 | ||
| 008 | 000407d1998 mx ab r 00110 spa d | ||
| 010 | _a80729 | ||
| 011 | _a81701 | ||
| 020 | _a9701319036 | ||
| 035 | _a92178 | ||
| 040 | _cCHAP | ||
| 082 | 0 | 4 |
_a338.972 _bI51 Oax. |
| 110 | 2 |
_aInstituto Nacional de Estadística, Geografía e Informática. México _959304 |
|
| 245 | 1 | 0 |
_aOaxaca hoy _c/por Instituto Nacional de Estadística Geografía e Informática |
| 260 |
_aAguascalientes, Ags. : _bInstituto Nacional de Estadística Geografía e Informática, _c1998. |
||
| 300 |
_a169 p. : _bilus. ; cuadros ; gráfs. ; mapas |
||
| 590 |
_aBATCH-UPD _b10 _c20130110 _lUCH01 _h0858 |
||
| 590 |
_aBATCH-UPD _b10 _c20130410 _lUCH01 _h0528 |
||
| 590 |
_aBATCH-UPD _b10 _c20130914 _lUCH01 _h1846 |
||
| 590 |
_aCONVERSION _b10 _c20130109 _lUCH01 _h1345 |
||
| 650 | 1 | 4 |
_aOaxaca _xCondiciones económicas. _982476 |
| 650 | 1 | 4 |
_aOaxaca _xCondiciones sociales. _982478 |
| 650 | 1 | 4 |
_aOaxaca _xGeografía. _982482 |
| 650 | 1 | 4 |
_aPoblación _zOaxaca. _989432 |
| 901 | _aBK | ||
| 905 | _aAlejandra Carrasco M. | ||
| 942 | _cLIBRO | ||
| 949 |
_a338.972 I51 Oax. _bBC _cINEGI _d33724000776407 _eINEGI _h96857 _i92178 _sb |
||
| 999 |
_c80729 _d80729 |
||